| 000 | 00567nam a22001817a 4500 | ||
|---|---|---|---|
| 003 | 0 | ||
| 005 | 20260205161925.0 | ||
| 008 | 260205b xxu||||| |||| 00| 0 eng d | ||
| 020 | _a971-630-072-7 | ||
| 050 |
_aM 556 _bPa295 1999 |
||
| 082 |
_aM 556 _bPa295 1999 |
||
| 100 | _aPaterno, Maria Elena | ||
| 245 |
_aA First look at Philippine butterflies / _cby Maria Elena Paterno. |
||
| 260 |
_aMakati City : _bTahanan Books for Young Readers, _c1999. |
||
| 300 |
_a24 pages : _bcolored illustrations ; _c21 cm. |
||
| 650 |
_aButterflies _zPhilippines. |
||
| 942 |
_2ddc _cBK |
||
| 999 |
_c368832 _d368832 |
||